Normal view
MARC view
Entry Personal Name
001 - CONTROL NUMBER
- control field: 51936
003 - CONTROL NUMBER IDENTIFIER
- control field: ARRUPE
005 - DATE AND TIME OF LATEST TRANSACTION
- control field: 20221125101418.0
008 - FIXED-LENGTH DATA ELEMENTS
- fixed length control field: 221125|| aca||aabn | a|a d
040 ## - CATALOGING SOURCE
- Original cataloging agency: ARRUPE
- Transcribing agency: ARRUPE
100 ## - HEADING--PERSONAL NAME
- Personal name: Wood, Wendy,
- Dates associated with a name: 1954 June 17-
670 ## - SOURCE DATA FOUND
- Source citation: Work cat.: (ARRUPE)131563: Wood, Wendy, 1954 June 17- author., Good habits, bad habits :